| 000 | 00470nam a2200193 a 4500 | ||
|---|---|---|---|
| 001 | 1756711202448 | ||
| 003 | ACL | ||
| 005 | 20250901125221.0 | ||
| 008 | 250901s2009##################000#0#eng## | ||
| 020 | _a9780452289550 | ||
| 082 | 0 | 4 |
_a775 _bGRI |
| 100 | 1 |
_aGrimm, Tom, _eauthor. |
|
| 245 | 1 | 0 | _aThe Basic Book of Digital Photography : |
| 260 |
_bPenguin, _c2009. |
||
| 300 | _a530 pages | ||
| 650 | 0 | _aPhotography. | |
| 942 | _cENGLISH | ||
| 040 |
_aACL _beng _cACL |
||
| 999 |
_c584825 _d584825 |
||